Lovers and lairs : (Record no. 128646)
[ view plain ]
| 000 -LEADER | |
|---|---|
| fixed length control field | 00726nam a22002297a 4500 |
| 005 - DATE AND TIME OF LATEST TRANSACTION | |
| control field | 20170124110043.0 |
| 010 ## - LIBRARY OF CONGRESS CONTROL NUMBER | |
| LC control number | A-609114 |
| 020 ## - INTERNATIONAL STANDARD BOOK NUMBER | |
| Terms of availability | 100.00 |
| International Standard Book Number | 8170831121 |
| 035 ## - SYSTEM CONTROL NUMBER | |
| System control number | A-609114 |
| 037 ## - SOURCE OF ACQUISITION | |
| Source of stock number/acquisition | Cen Lib/Ret |
| 040 ## - CATALOGING SOURCE | |
| Original cataloging agency | DPL |
| Language of cataloging | EN |
| 082 ## - DEWEY DECIMAL CLASSIFICATION NUMBER | |
| Classification number | 881 |
| Item number | BAC |
| 100 ## - MAIN ENTRY--PERSONAL NAME | |
| Personal name | Baconika, Alexandra |
| 9 (RLIN) | 24017 |
| 245 ## - TITLE STATEMENT | |
| Title | Lovers and lairs : |
| Statement of responsibility, etc | byAlexandra Baconika; translated by Richars Scorza |
| Remainder of title | poems from the greek / |
| 260 ## - PUBLICATION, DISTRIBUTION, ETC. (IMPRINT) | |
| Place of publication, distribution, etc | New Delhi |
| Name of publisher, distributor, etc | Samkallen prakashan |
| Date of publication, distribution, etc | 1992 |
| 270 ## - ADDRESS | |
| City | New Delhi |
| Address | 2762, Rajguru marg Paharganj |
| Postal code | 110055 |
| 300 ## - PHYSICAL DESCRIPTION | |
| Extent | 106p. |
| Dimensions | 21cm(Hb) |
| 650 ## - SUBJECT ADDED ENTRY--TOPICAL TERM | |
| Topical term or geographic name as entry element | Greek literature |
| 9 (RLIN) | 24018 |
| 650 ## - SUBJECT ADDED ENTRY--TOPICAL TERM | |
| Topical term or geographic name as entry element | Greek poetry |
| 9 (RLIN) | 24019 |
| 700 ## - ADDED ENTRY--PERSONAL NAME | |
| Personal name | Scorza, Richard |
| 9 (RLIN) | 24020 |
| 942 ## - ADDED ENTRY ELEMENTS (KOHA) | |
| Source of classification or shelving scheme | Dewey Decimal Classification |
| Koha item type | English Books |
| Classification part | 881 |
| Call number suffix | BAC |
| Withdrawn status | Lost status | Damaged status | Not for loan | Home library | Current library | Date acquired | Source of acquisition | Cost, normal purchase price | Total Checkouts | Full call number | Barcode | Date last seen | Copy number | Cost, replacement price | Price effective from | Koha item type |
|---|---|---|---|---|---|---|---|---|---|---|---|---|---|---|---|---|
| Central Library | Central Library | 03/07/2015 | Cen Lib/Ret | 100.00 | 881 BAC | A-609114 | 03/07/2015 | 1 | 100.00 | 15/09/2016 | English Books |
